000 00686nam a2200169 a 4500
008 151117s2002 ||||||||||||||||| || u
020 _a9780230500785
050 _aR 850 Res
100 _aNeale, Joanne
245 1 0 _aResearch methods for health and social care
_cEdited by Joanne Neale
260 _aLondon
_bPalgrave Macmillan
_c2002
300 _axxii, 308p.: Ill.
350 _a25.06
650 _aMEDICINE -- RESEARCH -- METHODOLOGY
650 _aSOCIAL MEDICINE -- RESEARCH -- METHODOLOGY
995 _aMICHAEL CHILUFYA SATA OPEN ACCESS
_e903238
_FCBU-SCHOOL OF MEDICINE LIBRARY (Ndola)
_I25.06
_jR 850 Res
_M1
_UAVAILABLE
_WJan 22, 2016
_y903238
_ZMedical Library Open Access Collection
999 _c32606
_d32606